000 00347 a2200133 4500
005 20250319154114.0
020 _a0-88961-203-X
082 _a801.908 WAR
245 _aBy for and About: Feminist Cultural Politics
260 _aVancouver
_bWomen's Press
_c1991
300 _a326p., ill., picture
_c24cm.
700 _aWARING,W.
942 _2ddc
_cBKS
999 _c1018
_d1018